Euro Area Policies : Selected Issues.

This Selected Issues paper analyzes euro area policies and discusses the implications of the 2007-08 financial sector turbulence for real economic activity. It examines the linkages between the financial and real sectors in the euro area. The paper discusses the European Central Bank's (ECB) mo...

Fuld beskrivelse

Bibliografiske detaljer
Institution som forfatter: International Monetary Fund
Format: Tidsskrift
Sprog:English
Udgivet: Washington, D.C. : International Monetary Fund, 2008.
Serier:IMF Staff Country Reports; Country Report ; No. 2008/263
Online adgang:Full text available on IMF
LEADER 01635cas a2200241 a 4500
001 AALejournalIMF005282
008 230101c9999 xx r poo 0 0eng d
020 |c 5.00 USD 
020 |z 9781451879896 
022 |a 1934-7685 
040 |a BD-DhAAL  |c BD-DhAAL 
110 2 |a International Monetary Fund. 
245 1 0 |a Euro Area Policies :   |b Selected Issues. 
264 1 |a Washington, D.C. :  |b International Monetary Fund,  |c 2008. 
300 |a 1 online resource (79 pages) 
490 1 |a IMF Staff Country Reports 
500 |a <strong>Off-Campus Access:</strong> No User ID or Password Required 
500 |a <strong>On-Campus Access:</strong> No User ID or Password Required 
506 |a Electronic access restricted to authorized BRAC University faculty, staff and students 
520 3 |a This Selected Issues paper analyzes euro area policies and discusses the implications of the 2007-08 financial sector turbulence for real economic activity. It examines the linkages between the financial and real sectors in the euro area. The paper discusses the European Central Bank's (ECB) monetary analysis and the role of monetary aggregates in central banking, surveying the ongoing theoretical and empirical debate. The paper also describes the introduction of a 'European Mandate' for financial sector authorities in the European Union (EU), a proposal that is under consideration by EU member states. 
538 |a Mode of access: Internet 
830 0 |a IMF Staff Country Reports; Country Report ;  |v No. 2008/263 
856 4 0 |z Full text available on IMF  |u http://elibrary.imf.org/view/journals/002/2008/263/002.2008.issue-263-en.xml  |z IMF e-Library